Central Library OPAC University of Rajshahi

Mahāyāna Buddhism / (Record no. 32050)

MARC details
000 -LEADER
fixed length control field 00799nam a2200265 i 4500
001 - CONTROL NUMBER
control field 32050
003 - CONTROL NUMBER IDENTIFIER
rucl marc code BD-RjUL
005 - DATE AND TIME OF LATEST TRANSACTION
control field 20211209051801.0
008 - FIXED-LENGTH DATA ELEMENTS--GENERAL INFORMATION
fixed length control field 140423s1978 ii b 001 0 eng
035 ## - SYSTEM CONTROL NUMBER
System control number (BD-RjUL)32139
040 ## - CATALOGING SOURCE
Original cataloging agency DLC
Transcribing agency DLC
Modifying agency DLC
Language of cataloging eng
041 ## - LANGUAGE CODE
Language code of text/sound track or separate title eng
082 00 - DEWEY DECIMAL CLASSIFICATION NUMBER
Classification number 294.392
Edition number 19
Author mark and year DUM 1978
100 1# - MAIN ENTRY--PERSONAL NAME
Personal name Dutt, Nalinaksha.
9 (RLIN) 79428
245 00 - TITLE STATEMENT
Title Mahāyāna Buddhism /
Statement of responsibility, etc. Nalinaksha Dutt.
250 ## - EDITION STATEMENT
Edition statement Rev. ed.
260 ## - PUBLICATION, DISTRIBUTION, ETC. (IMPRINT)
Place of publication, distribution, etc. Delhi :
Name of publisher, distributor, etc. Motilal Banarsidass,
Date of publication, distribution, etc. 1978.
300 ## - PHYSICAL DESCRIPTION
Pagination xiv, 288 p. ;
Size 22 cm.
500 ## - GENERAL NOTE
General note Previously published under title: Aspects of Hīnayāna and Mahāyāna Buddhism.
504 ## - BIBLIOGRAPHY, ETC. NOTE
Bibliography, etc Includes bibliographical references and index.
650 #0 - SUBJECT ADDED ENTRY--TOPICAL TERM
Topical term or geographic name as entry element Mahayana Buddhism.
9 (RLIN) 94993
942 ## - ADDED ENTRY ELEMENTS (KOHA)
Source of classification or shelving scheme Dewey Decimal Classification
Koha item type Books
Holdings
Lost status Source of classification or shelving scheme Damaged status Not for loan Collection code Permanent Location Current Location Shelving location Date acquired Total Checkouts Full call number Date last seen Copy number Koha item type Source of acquisition Cost, normal purchase price
  Dewey Decimal Classification     Non-fiction Central Library, University of Rajshahi Central Library, University of Rajshahi   27/11/1983   294.392 DUM 1978 23/04/2014 C-6 Books    
  Dewey Decimal Classification   Not For Loan Non-fiction Central Library, University of Rajshahi Central Library, University of Rajshahi   21/03/1979   294.392 DUM 1978 24/04/2014 C-1 Books India int. 45.00
  Dewey Decimal Classification     Non-fiction Central Library, University of Rajshahi Central Library, University of Rajshahi   21/03/1979   294.392 DUM 1977 24/04/2014 C-2 Books India int. 45.00
  Dewey Decimal Classification     Non-fiction Central Library, University of Rajshahi Central Library, University of Rajshahi   21/03/1979   294.392 DUM 1978 24/04/2014 C-3 Books India int. 45.00
  Dewey Decimal Classification     Non-fiction Central Library, University of Rajshahi Central Library, University of Rajshahi   21/03/1979   294.392 DUM 1978 24/04/2014 C-4 Books India int. 45.00
  Dewey Decimal Classification     Non-fiction Central Library, University of Rajshahi Central Library, University of Rajshahi   27/11/1983   294.392 DUM 1978 26/04/2014 C-5 Books Tulip Enterprise, Dhaka. 45.00